<?xml version="1.0" encoding="UTF-8"?>
<record
    xmlns:xsi="http://www.w3.org/2001/XMLSchema-instance"
    xsi:schemaLocation="http://www.loc.gov/MARC21/slim http://www.loc.gov/standards/marcxml/schema/MARC21slim.xsd"
    xmlns="http://www.loc.gov/MARC21/slim">

  <leader>01239nam a2200301 a 4500</leader>
  <controlfield tag="001">41706</controlfield>
  <controlfield tag="003">BD-RjUL</controlfield>
  <controlfield tag="005">20211209053433.0</controlfield>
  <controlfield tag="008">160605s1990    stk      b    101 0 eng  </controlfield>
  <datafield tag="020" ind1=" " ind2=" ">
    <subfield code="a">0080409237</subfield>
  </datafield>
  <datafield tag="035" ind1=" " ind2=" ">
    <subfield code="a">(BD-RjUL)41824</subfield>
  </datafield>
  <datafield tag="040" ind1=" " ind2=" ">
    <subfield code="a">DLC</subfield>
    <subfield code="c">DLC</subfield>
    <subfield code="d">(BD-RjUL)</subfield>
    <subfield code="d">DLC</subfield>
    <subfield code="b">eng</subfield>
  </datafield>
  <datafield tag="041" ind1="0" ind2=" ">
    <subfield code="a">engfre</subfield>
  </datafield>
  <datafield tag="082" ind1="0" ind2="0">
    <subfield code="a">323.34</subfield>
    <subfield code="2">20</subfield>
    <subfield code="b">WOM 1990 </subfield>
  </datafield>
  <datafield tag="245" ind1="0" ind2="0">
    <subfield code="a">Women's rights and the rights of man /</subfield>
    <subfield code="c">[edited by] A.J. Arnaud and E. Kingdom.</subfield>
  </datafield>
  <datafield tag="260" ind1=" " ind2=" ">
    <subfield code="a">Aberdeen :</subfield>
    <subfield code="b">Aberdeen University Press,</subfield>
    <subfield code="c">1990.</subfield>
  </datafield>
  <datafield tag="300" ind1=" " ind2=" ">
    <subfield code="a">xvi, 175 p. ;</subfield>
    <subfield code="c">23 cm.</subfield>
  </datafield>
  <datafield tag="500" ind1=" " ind2=" ">
    <subfield code="a">English and French.</subfield>
  </datafield>
  <datafield tag="500" ind1=" " ind2=" ">
    <subfield code="a">Selected papers from the fourteenth World Congress of the International Association for Philosophy of Law and Social Philosophy, held in August 1989.</subfield>
  </datafield>
  <datafield tag="504" ind1=" " ind2=" ">
    <subfield code="a">Includes bibliographical references and index.</subfield>
  </datafield>
  <datafield tag="650" ind1=" " ind2="0">
    <subfield code="a">Women's rights</subfield>
    <subfield code="x">History</subfield>
    <subfield code="x">Congresses.</subfield>
    <subfield code="9">128110</subfield>
  </datafield>
  <datafield tag="700" ind1="1" ind2=" ">
    <subfield code="a">Arnaud, Andr&#xE9; Jean.</subfield>
    <subfield code="9">128111</subfield>
  </datafield>
  <datafield tag="700" ind1="1" ind2=" ">
    <subfield code="a">Kingdom, E.</subfield>
    <subfield code="q">(Elizabeth)</subfield>
    <subfield code="9">128112</subfield>
  </datafield>
  <datafield tag="710" ind1="2" ind2=" ">
    <subfield code="a">International Association for Philosophy of Law and Social Philosophy.</subfield>
    <subfield code="b">World Congress</subfield>
    <subfield code="n">(14th :</subfield>
    <subfield code="d">1989 :</subfield>
    <subfield code="c">Edinburgh, Scotland)</subfield>
    <subfield code="9">128113</subfield>
  </datafield>
  <datafield tag="942" ind1=" " ind2=" ">
    <subfield code="2">ddc</subfield>
    <subfield code="c">BK</subfield>
  </datafield>
  <datafield tag="999" ind1=" " ind2=" ">
    <subfield code="c">41706</subfield>
    <subfield code="d">41706</subfield>
  </datafield>
  <datafield tag="952" ind1=" " ind2=" ">
    <subfield code="0">0</subfield>
    <subfield code="1">0</subfield>
    <subfield code="2">ddc</subfield>
    <subfield code="4">0</subfield>
    <subfield code="7">0</subfield>
    <subfield code="8">NFIC</subfield>
    <subfield code="a">RUCL</subfield>
    <subfield code="b">RUCL</subfield>
    <subfield code="c">Stack</subfield>
    <subfield code="d">1999-12-23</subfield>
    <subfield code="e">Dhaka : Paragon Enterprise</subfield>
    <subfield code="g">1236.86</subfield>
    <subfield code="l">0</subfield>
    <subfield code="o">323.34 WOM 1990</subfield>
    <subfield code="r">2016-06-05 00:00:00</subfield>
    <subfield code="t">C-2</subfield>
    <subfield code="w">2016-06-05</subfield>
    <subfield code="y">BK</subfield>
  </datafield>
</record>
